alg: 47088815
001A    $03025:23-10-20 
001B    $03077:29-03-23 $t11:21:04.000 
001D    $03025:23-10-20 
001U    $0utf8 
001X    $00 
002@    $0Aou 
002C    $aText $btxt $2rdacontent 
002D    $aohne Hilfsmittel zu benutzen $bn $2rdamedia 
002E    $aBand $bnc $2rdacarrier 
003@    $0470888156 
007A    $0470888156 $aHEB 
010@    $ager 
010E    $erda 
011@    $a2017 $n[2017] 
011F    $n© 2017 
021A    $aDie @Reformation in der mehrsprachigen Welt Oberungarns $hPeter Kónya 
028A    $BVerfasser $4aut $71052546498 $8Kónya, Peter$Z1966- [Tp3] $9341634514 
031A    $h249-262 $j2017 
039B    $aEnthalten in $8--Aau--Kirche und Politik an der Peripherie. Reformation und Macht an den "Grenzen" der Deutschen, Protestantischen Einflusszone im Vergleich von Frühneuzeit und Gegenwart$gVeranstaltung$d2014$cHermannstadt [Tf3]. Exportgut Reformation. - Göttingen : Vandenhoeck & Ruprecht, [2017]. - 486 Seiten. - Illustrationen. - ISBN 978-3-525-10154-4 $x201700000000000751 $9403320135 
044K    $RTschechoslowakei $RTschechoslowakei $#Slowakei $#Slowakei $#Slowakei $#Slowakische Republik (1938-1945) $#Slowakische Republik $#Oberungarn $#Slovensko $#Slovenská Republika $#Slovenská SR $#SSR $#Slovakia $#Slovaquie $#Slovak Republic $#République Slovaque $#Slovenská Socialistická Republika $#Slowakische Sozialistische Republik $#Slovak Socialist Republic $#République Socialiste Slovaque $74055297-4 $8Slowakei [Tg1] $9085153834 
044K    $RReformator $RReformatorin $#Reformation $#Réforme protestante $#Reforma $#Reformation $74048946-2 $8Reformation [Ts1] $9085136344 
044K    $RSprachkontakt $REinsprachigkeit $#Multilingualism $#Multilinguisme $#Multilinguismo $#Multilingüismo $#Mehrsprachigkeit $#Mehrsprachigkeit $#Mehrsprachigkeit $#Multilingualismus $#Multilinguismus $#Polyglossie $#Gemischtsprachigkeit Mehrsprachigkeit $74038403-2 $8Mehrsprachigkeit [Ts1] $908510499X 
044K    $#Race relations $#Relations interethniques $#Relazioni interetniche $#ethnische Beziehungen $#Interethnische Beziehungen $#Ethnische Beziehung $#Rassenbeziehung $#Rassenbeziehungen $74176973-9 $8Ethnische Beziehungen [Ts1] $908583369X 
045F    $a200.9437309031 $eDDC23BSB 
045F/01 $a200.9 
045F/03 $f09031 
045F/03 $g4373 
045F/03 $g439 
045R    $aGeschichte 1520-1650 

lok: 47088815 78

exp: 47088815 78 1 #EPN
201B/01 $023-10-20 $t12:56:20.000 
201C/01 $023-10-20 
201U/01 $0utf8 
203@/01 $01126485152 
208@/01 $a23-10-20 $be 
209A/01 $a/ $f000 $x00 
209A/01 $ab*p $x01 
220C/01 $apgar 
244Z/01 $#Slowakei $#Slowakei $#Slowakei $#Slowakische Republik (1938-1945) $#Slowakische Republik $#Oberungarn $#Slovensko $#Slovenská Republika $#Slovenská SR $#SSR $#Slovakia $#Slovaquie $#Slovak Republic $#République Slovaque $#Slovenská Socialistická Republika $#Slowakische Sozialistische Republik $#Slovak Socialist Republic $#République Socialiste Slovaque $74055297-4 $8--Tg1--Slowakei $x01 $9085153834 
244Z/01 $#Ungarn $#Ungarn $#Ungarische Räterepublik $#Königreich Ungarn $#Die @Länder der ungarischen Krone $#Transleithanien $#Magyarország $#Magyar Köztársaság $#Magyar Tanácsköztársaság $#Government of the Hungarian Republic $#Zemalja Ugarske Krune $#VNR $#Ungern $#Ungarische Republik $#Republik Ungarn $#Ungarische Volksrepublik $#Volksrepublik Ungarn $#Magyar Népköztársaság $#Hungary $#Hungarian Republic $#Hongrie $#Vengerskaja Narodnaja Respublika $#Hungarian People's Republic $#HPR Hungarian People's Republic $#République Populaire Hongroise $#Ungarische VR $#Republic of Hungary $#Vengrija $74078541-5 $8--Tgz--Ungarn $x02 $9085222712 
247C/01 $82080>Marburg/Lahn, Herder-Institut, Forschungsbibliothek, Bibliographieportal $9336309341
LEADER 00000caa a2200000 c 4500
001 470888156
003 DE-603
005 20230329112104.0
007 tu
008 201023s2017 xx |||| | u00||u|ger c
035 |a (DE-599)HEB470888156 
040 |a DE-603  |b ger  |c DE-603  |d DE-603  |e rda 
041 |a ger 
082 0 4 |8 1\u  |a 200.9437309031  |q DE-101  |2 23/BSB 
085 |8 1\u  |b 200.9 
085 |8 1\u  |z 1  |s 09031 
085 |8 1\u  |z 2  |s 4373 
085 |8 1\u  |z 2  |s 439 
100 1 |a Kónya, Peter  |d 1966-  |e Verfasser  |4 aut  |0 (DE-603)341634514  |0 (DE-588)1052546498  |2 gnd 
245 0 0 |a ˜Dieœ Reformation in der mehrsprachigen Welt Oberungarns  |c Peter Kónya 
264 0 |c [2017] 
264 4 |c © 2017 
336 |a Text  |b txt  |2 rdacontent 
337 |a ohne Hilfsmittel zu benutzen  |b n  |2 rdamedia 
338 |a Band  |b nc  |2 rdacarrier 
648 7 |a Geschichte 1520-1650  |2 gnd 
650 7 |a Reformation  |0 (DE-588)4048946-2  |0 (DE-603)085136344  |2 gnd 
650 7 |a Mehrsprachigkeit  |0 (DE-588)4038403-2  |0 (DE-603)08510499X  |2 gnd 
650 7 |a Ethnische Beziehungen  |0 (DE-588)4176973-9  |0 (DE-603)08583369X  |2 gnd 
651 7 |a Slowakei  |0 (DE-588)4055297-4  |0 (DE-603)085153834  |2 gnd 
773 0 8 |i Enthalten in  |a Kirche und Politik an der Peripherie. Reformation und Macht an den "Grenzen" der Deutschen, Protestantischen Einflusszone im Vergleich von Frühneuzeit und Gegenwart, Veranstaltung (2014 : Hermannstadt)  |t Exportgut Reformation  |d Göttingen : Vandenhoeck & Ruprecht, [2017]  |h 486 Seiten, Illustrationen  |z 9783525101544  |z 3525101546  |g (2017), Seite 249-262  |w (DE-603)403320135 
924 0 |9 2080  |a (DE-603)1126485152  |b DE-2080  |c HES  |d d  |g /